• 首页
  • 本馆介绍
  • 公告通知
  • 最新文献
  • 馆藏检索
  • 电子资源
  • 读者导购
  • 参考咨询
  • 我的图书馆
  • 登录
  • 详细信息显示
  • 放入我的书架
  • 预约/预借图书
  • 作者相关作品
  • 分类相关作品
  • 丛书相关作品
  • 出版社相关作品

书目信息

  • 表格格式
  • 工作单格式
  • 卡片格式
题名:
合理用肥经验选编
    
 
作者: ;农业出版社 编辑
分册:  
出版信息: 北京   农业出版社  1975
页数: 128页
开本: 19cm
丛书名:
单 册:
中图分类: S14
科图分类:
主题词: 施肥--经验
电子资源:
ISBN:
000 00633nam0 2200229 45
001 0175002762
005 20060424092255.90
010    @dCNY0.35
091    @a16144.1709
100    @a19951013d1975 em y0chiy0121 ea
101 0  @achi
102    @aCN@b110000
105    @ay z 000yy
200 10 @a合理用肥经验选编@Ahe li yong fei jing yan xuan bian@f农业出版社编辑@Fnong ye chu ban she bian ji
210    @a北京@c农业出版社@d1975
215    @a128页@d19cm
606    @a施肥@x经验
690    @aS14@v3
711  0 @a农业出版社@Anong ye chu ban she@4编辑
801  2 @aCN@bNLC@c20060424
801  0 @aCN@bTSSF
905    @a10447@dS14@e1
    
    合理用肥经验选编/农业出版社编辑.-北京:农业出版社,1975
    128页;19cm
    
    
    ISBN :CNY0.35
    
●
相关链接 在E读中查询图书 在五车中查询图书 在当当中查询图书 在豆瓣中查询图书


正题名:合理用肥经验选编     索取号:S14/1         预约/预借

序号 登录号 条形码 馆藏地/架位号 状态 备注
1 0018055   202281404   密集书库/ [索取号:S14/1] 在馆    
唐山师范学院图书馆 欢迎您!
大连网信软件有限公司© 版权所有